Danh bạ doanh nghiệp sản xuất công nghiệp 2006 = Directory of industrial manufacturing enterprises 2006

Enregistré dans:
Détails bibliographiques
Collectivité auteur: Trung tâm hỗ trợ kỹ thuật doanh nghiệp nhỏ và vừa tại Hà Nội
Format: Livre
Langue:Undetermined
Publié: Hà Nội Bưu điện 2006
Sujets:
Tags: Ajouter un tag
Pas de tags, Soyez le premier à ajouter un tag!
Thư viện lưu trữ: Trung tâm Học liệu Trường Đại học Cần Thơ
LEADER 00790nam a2200205Ia 4500
001 CTU_117280
008 210402s9999 xx 000 0 und d
082 |a 338.025597 
082 |b Tr513/T.4 
110 |a Trung tâm hỗ trợ kỹ thuật doanh nghiệp nhỏ và vừa tại Hà Nội 
245 0 |a Danh bạ doanh nghiệp sản xuất công nghiệp 2006 = 
245 0 |b Directory of industrial manufacturing enterprises 2006 
245 0 |c Trung tâm hỗ trợ kỹ thuật doanh nghiệp nhỏ và vừa tại Hà Nội 
260 |a Hà Nội 
260 |b Bưu điện 
260 |c 2006 
650 |a Directories of corporations 
650 |z Vietnam 
904 |i Vuong 
980 |a Trung tâm Học liệu Trường Đại học Cần Thơ